Οικισμοί : αρχιτεκτονική Ακάμα
Saved in:
| Main Author: | |
|---|---|
| Other Authors: | |
| Format: | Book |
| Language: | Greek |
| Published: |
Λευκωσία :
Ίδρυμα Λεβέντη,
1996
|
| Subjects: | |
| Tags: |
Add Tag
No Tags, Be the first to tag this record!
|
MARC
| LEADER | 00000cam a2200000 i 4500 | ||
|---|---|---|---|
| 001 | 1/45752 | ||
| 008 | 031201s1996 gre d | ||
| 020 | |a 9963-560-29-6 | ||
| 035 | |l 10071777 | ||
| 040 | |a GR-MY-UA |b gre |e aacr | ||
| 041 | 0 | |a gre | |
| 082 | 0 | |a 720.956 | |
| 100 | 1 | |a Θεοδοσίου, Αντωνία. | |
| 245 | 1 | 0 | |a Οικισμοί : |b αρχιτεκτονική Ακάμα / |c Αντωνία Θεοδοσίου, Αναστασία Πήττα |
| 260 | |a Λευκωσία : |b Ίδρυμα Λεβέντη, |c 1996 | ||
| 300 | |a 190 σ. | ||
| 650 | 0 | 0 | |a Architecture |z Cyprus. |
| 700 | 1 | |a Πήττα, Αναστασία. | |
| 852 | |a INST |b RHODES |e 20031201 |h 720.956 ΘΕΟ |p 005400019935 |q 005400019935 |t BK |y 0 | ||
| 901 | |a BIBL4-2003-3 | ||
| 909 | |a Ρ |b 104975 | ||
| 970 | |a Κουλακιότη |b Λίτσα |z 2003/12/01 | ||